Animal Quiz - Statistics

General Stats
  • This quiz has been taken 21 times
  • The average score is 23 of 24
Answer Stats
Picture Answer % Correct
Bat
100%
Bear
100%
Cat
100%
Cow
100%
Dog
100%
Donkey
100%
Elephant
100%
Horse
100%
Lion
100%
Pig
100%
Spider
100%
Tiger
100%
Zebra
100%
Crocodile
95%
Fox
95%
Frog
95%
Goat
95%
Rabbit
95%
Squirrel
95%
Guinea Pig
90%
Mouse
85%
Llama
80%
Hamster
75%
Puma
55%
No matching quizzes found
Score Distribution
Percent of People with Each Score
Percentile by Number Answered
Your Score History
You have not taken this quiz